| 000 | 00482nam a22001817a 4500 | ||
|---|---|---|---|
| 003 | OSt | ||
| 005 | 20240319113509.0 | ||
| 008 | 240319b |||||||| |||| 00| 0 eng d | ||
| 040 | _cchuka university | ||
| 050 |
_aS619.I83 2003 _bI83 2003 |
||
| 100 |
_aJK ITABARI,WAMUONGO _914147 |
||
| 245 | _aWATER HARVESTING TECHNOLOGIES IN KENYA | ||
| 260 |
_aNAIROBI KENYA _bKARI _c2003 |
||
| 300 | _a12p | ||
| 490 | _3illustration | ||
| 650 |
_awater harvesting _910222 |
||
| 942 |
_2lcc _cBK _n0 |
||
| 999 |
_c16172 _d16172 |
||